000 00474cam a2200169ua 4500
020 _c1200.00
041 _aeng
_h
082 _a630.715
_bADH/EX
100 _aAdhikary, M M .
245 0 0 _aParticipatory planning and project management in extension sciences /
_cM M Adhikary.
_hTextual Documents
260 _aUdaypur :
_bAgro-tech publishing academy ,
_c2006.
300 _a432 ; .
365 _a1200.00
504 _a
942 _cBK
999 _c13320
_d13320